Time Driven : Metapsychology and the Splitting of the Drive /

Estudio crítico sobre la concepción de impulso en Freud y desarrollo de una metapsicología del impulso que analiza su estructura interna dividida en iteración y alteración, con el que se pretende revitalizar la consideración del psicoanálisis en su percepción de la relación del sujeto con la tempora...

全面介绍

Guardado en:
书目详细资料
主要作者: Johnston, Adrian (autor)
其他作者: Žižek, Slavoj (prólogo) (prólogo)
格式: 图书
语言:英语
出版: Evanston, EUA : Northwestern University, 2005, c2005
丛编:(Studies in Phenomenology and Existential Philosophy)
主题:
标签: 添加标签
没有标签, 成为第一个标记此记录!

MARC

LEADER 00000nam^a2200000^a^4500
001 000417504
005 20250521000000.0
009 20260310122352.367
020 |a 0-8101-2204-9 
037 |a Acervo ITESO - Biblioteca 
041 |a ING 
082 |a 153. 8  |b JOH 
100 |a Johnston, Adrian  |e (autor) 
245 1 0 |a Time Driven :  |b Metapsychology and the Splitting of the Drive /  |c A. Johnston ; pról. de S. Žižek. 
264 4 |a Evanston, EUA :  |b Northwestern University,  |c 2005, c2005 
300 |a XXXVIII, 421 p. 
336 |a texto  |b txt  |2 rdacontenido 
337 |a sin mediación  |b n  |2 rdamedio 
338 |a volumen  |b nc  |2 rdasoporte 
440 1 |a (Studies in Phenomenology and Existential Philosophy) 
520 |a Estudio crítico sobre la concepción de impulso en Freud y desarrollo de una metapsicología del impulso que analiza su estructura interna dividida en iteración y alteración, con el que se pretende revitalizar la consideración del psicoanálisis en su percepción de la relación del sujeto con la temporalidad y en su propósito de orientar al sujeto en la satisfacción de bienestar. El autor, filósofo americano e integrante del Instituto Psicoanalítico Emory, apoya sus argumentos en Jacques Lacan y sus seguidores, así como en Immanuel Kant. 
521 |a Peticiones 2020 
649 |a XX 
650 |a Impulso -  |x Tema Principal 
650 |a Motivación -  |x Tema Principal 
650 |a Satisfacción 
650 |a Necesidad (Filosofía) 
650 |a Tiempo -  |x Aspectos Psicológicos 
650 |a Psicoanálisis Freudiano -  |x Historia y Crítica 
650 |a Psicoanálisis Lacaniano -  |x Historia y Crítica 
650 |a Criticismo -  |x Historia y Crítica 
650 |a Filosofía del Siglo XX -  |x Historia y Crítica 
650 |a Filosofía Alemana -  |x Historia y Crítica 
650 |a Freud, Sigmund 
650 |a Lacan, Jacques 
650 |a Kant, Immanuel 
700 |a Žižek, Slavoj  |e (prólogo) 
910 |a Fondo General 
920 |a Impresos - Libros 
930 |a Colección General 
905 |a 101 
901 |a 417504001  |b IT1  |c ACC  |i C170799  |u 20250521 
902 |a https://opac.biblio.iteso.mx/vufind/Record/000417504